[Event "BL 0910 Schachfr. Berlin - SC Remagen"]
[Site "?"]
[Date "2010.03.20"]
[Round "12.2"]
[White "Polzin, Rainer"]
[Black "Parligras, Mircea"]
[Result "1-0"]
[WhiteElo "2491"]
[BlackElo "2547"]
[PlyCount "65"]
[EventDate "2010.??.??"]

1. e4 c5 2. Nc3 Nc6 3. Nf3 g6 4. d4 cxd4 5. Nxd4 Bg7 6. Be3 Nf6 7. Bc4 Qa5 8.
O-O O-O 9. Nb3 Qc7 10. Bg5 Ng4 11. Qxg4 Bxc3 12. bxc3 d5 13. Qh4 dxc4 14. Nd4
f6 15. Bh6 Rd8 16. Rad1 g5 17. Qh5 Ne5 18. h3 Nf7 19. h4 Nxh6 20. Qxh6 gxh4 21.
e5 Bg4 22. Rde1 fxe5 23. Re4 Bd7 24. Rxh4 exd4 25. Qg5+ Kf8 26. Rf4+ Qxf4 27.
Qxf4+ Ke8 28. Re1 dxc3 29. Qf6 e6 30. Re3 Bc8 31. Qg7 Rd1+ 32. Kh2 Rd5 33. Qxh7
1-0

[Event "BL 0910 Schachfr. Berlin - SC Remagen"]
[Site "?"]
[Date "2010.03.20"]
[Round "12.3"]
[White "Degraeve, Jean-Marc"]
[Black "Kraemer, Martin"]
[Result "1-0"]
[WhiteElo "2573"]
[BlackElo "2482"]
[PlyCount "69"]
[EventDate "2010.??.??"]

1. e4 c5 2. Nf3 Nc6 3. Bb5 g6 4. Bxc6 dxc6 5. d3 Bg7 6. h3 Nf6 7. Nc3 Nd7 8.
Be3 e5 9. Qd2 h6 10. O-O Qe7 11. Nh2 Nf8 12. f4 exf4 13. Bxf4 Ne6 14. Bg3 O-O
15. Nf3 Nd4 16. Rae1 Be6 17. e5 Nxf3+ 18. Rxf3 Bd5 19. Nxd5 cxd5 20. d4 Rac8
21. c3 Qe6 22. dxc5 Rxc5 23. Bf2 Rc6 24. Rd3 Rd8 25. Rd1 a6 26. Bg3 Rc5 27. Kh2
h5 28. Kh1 Re8 29. b4 Rc4 30. Rxd5 h4 31. Bh2 Qc6 32. Rd6 Qc8 33. e6 fxe6 34.
Qg5 Rf8 35. Rd8 1-0

[Event "BL 0910 Schachfr. Berlin - SC Remagen"]
[Site "?"]
[Date "2010.03.20"]
[Round "12.5"]
[White "Mainka, Romuald"]
[Black "Berndt, Stephan"]
[Result "1/2-1/2"]
[WhiteElo "2501"]
[BlackElo "2442"]
[PlyCount "128"]
[EventDate "2010.??.??"]

1. e4 c5 2. Nf3 d6 3. c3 Nf6 4. Bd3 Nc6 5. Bc2 Bg4 6. d3 Bxf3 7. Qxf3 g6 8. O-O
Bg7 9. Nd2 O-O 10. Nb3 Rc8 11. a4 c4 12. dxc4 Ne5 13. Qe2 Nxc4 14. a5 Qc7 15.
Bd3 d5 16. exd5 Nxd5 17. Ra4 b5 18. axb6 Ncxb6 19. Ra6 Rfd8 20. Ra5 Rb8 21. g3
Nc8 22. Ra3 Nd6 23. Nd2 e5 24. Ne4 f5 25. Nxd6 Rxd6 26. Bc2 Kh8 27. Rd1 Rbd8
28. Ra6 Nb6 29. Rxd6 Rxd6 30. Qb5 Qd7 31. Qxd7 Rxd7 32. Kf1 e4 33. Ke2 Be5 34.
Ra5 Nc4 35. Rc5 Rc7 36. Rd5 Bf6 37. Bf4 Rb7 38. b3 Na3 39. Kd2 Nb5 40. Be5 Bxe5
41. Rxe5 Rd7+ 42. Ke1 Nxc3 43. g4 fxg4 44. Rg5 Nd5 45. Rxg4 e3 46. Rd4 exf2+
47. Kxf2 Rf7+ 48. Kg3 Nf6 49. Bd1 Kg7 50. Bf3 Rc7 51. Ra4 Nd7 52. b4 Kf6 53. h4
Ne5 54. Be4 Nc4 55. Kf4 Nd6 56. Bd5 h6 57. Ra6 g5+ 58. hxg5+ hxg5+ 59. Kg4 Ke5
60. Ra5 Kf6 61. Ra6 Ke5 62. Ra5 Kd4 63. Be6 Ne4 64. Kf5 Rc2 1/2-1/2

[Event "BL 0910 Schachfr. Berlin - SC Remagen"]
[Site "?"]
[Date "2010.03.20"]
[Round "12.7"]
[White "Popovic, Petar"]
[Black "Thiede, Lars"]
[Result "1-0"]
[WhiteElo "2496"]
[BlackElo "2450"]
[PlyCount "165"]
[EventDate "2010.??.??"]

1. e4 g6 2. d4 Bg7 3. Nf3 d6 4. Bc4 Nf6 5. Qe2 O-O 6. e5 Ne8 7. Nbd2 c5 8. dxc5
d5 9. Bd3 Qc7 10. O-O Nd7 11. Re1 Nxc5 12. h3 Bd7 13. Nb3 b6 14. Bg5 Bc6 15.
Nbd4 Bb7 16. Qe3 Ne4 17. Bf4 e6 18. c3 Nc5 19. Bc2 Qd7 20. Rad1 Nc7 21. Nh2 f5
22. exf6 Rxf6 23. Ng4 Rxf4 24. Qxf4 Rf8 25. Qg5 Qf7 26. Rd2 Ne4 27. Bxe4 dxe4
28. Nh6+ Bxh6 29. Qxh6 e5 30. Nc2 Ne6 31. Ne3 Nf4 32. b3 Nd3 33. Red1 Bc8 34.
Qh4 Qf4 35. Qg3 Bb7 36. Qxf4 exf4 37. Nc4 f3 38. Nd6 Bc6 39. Nxe4 Bxe4 40. Rxd3
Bxd3 41. Rxd3 fxg2 42. Kxg2 Rf7 43. c4 Kg7 44. Rd5 Kf6 45. a4 Ke6 46. Kg3 Kf6
47. h4 Re7 48. h5 Kg7 49. hxg6 hxg6 50. f3 Kh6 51. b4 Re3 52. c5 Rc3 53. cxb6
axb6 54. Rb5 Ra3 55. Rxb6 Rxa4 56. Kf4 Ra3 57. Re6 Rb3 58. Re4 Kg7 59. Kg4 Rb1
60. Rc4 Kh6 61. f4 Rf1 62. b5 Rb1 63. Rc5 Kg7 64. Rc7+ Kf6 65. Rc6+ Kg7 66. b6
Rb5 67. Kf3 Rb4 68. Ke3 Kh7 69. Rc7+ Kh6 70. b7 Kh5 71. Kd3 Kg4 72. Kc3 Rb1 73.
Rf7 Kf3 74. Kd4 Kg4 75. Kd5 Rd1+ 76. Kc6 Rc1+ 77. Kd7 Rb1 78. Kc8 Rc1+ 79. Rc7
Rh1 80. Rc4 Rh8+ 81. Kc7 Rh7+ 82. Kb6 Rh8 83. Ka7 1-0

[Event "BL 0910 Schachfr. Berlin - SC Remagen"]
[Site "?"]
[Date "2010.03.20"]
[Round "12.8"]
[White "Thinius, Marco"]
[Black "Polaczek, Richard"]
[Result "1/2-1/2"]
[WhiteElo "2375"]
[BlackElo "2381"]
[PlyCount "110"]
[EventDate "2010.??.??"]

1. e4 Nf6 2. e5 Nd5 3. d4 d6 4. c4 Nb6 5. exd6 cxd6 6. Nc3 g6 7. Be3 Bg7 8. Rc1
O-O 9. b3 f5 10. d5 f4 11. Bd4 e5 12. dxe6 Bxd4 13. Qxd4 Bxe6 14. Nf3 Nc6 15.
Qd2 Qe7 16. Be2 d5 17. cxd5 Rad8 18. O-O Nxd5 19. Nxd5 Bxd5 20. Qb2 Qg7 21.
Qxg7+ Kxg7 22. Rfd1 Bxf3 23. Bxf3 Nd4 24. Rc7+ Rf7 25. Rxf7+ Kxf7 26. Kf1 b6
27. Bg4 h5 28. Be2 Kf6 29. h4 Rd6 30. g3 Ke5 31. Bc4 b5 32. Bd3 Nf5 33. Re1+
Kf6 34. Bxf5 Kxf5 35. Re7 fxg3 36. fxg3 Kg4 37. Rxa7 Kxg3 38. a4 bxa4 39. Rxa4
Rb6 40. Rc4 Rxb3 41. Rc6 Rb1+ 42. Ke2 Kxh4 43. Rxg6 Kh3 44. Kf2 h4 45. Rg8 Kh2
46. Rg4 h3 47. Rg8 Rb2+ 48. Kf1 Rg2 49. Rh8 Rg4 50. Rf8 Ra4 51. Kf2 Ra2+ 52.
Kf1 Rg2 53. Rh8 Rg5 54. Rf8 Rg1+ 55. Kf2 Rg2+ 1/2-1/2

[Event "BL 0910 Turm Emsdetten - OSG Baden Bade"]
[Site "?"]
[Date "2010.03.20"]
[Round "12.1"]
[White "Shirov, Alexei"]
[Black "Mchedlishvili, Mikheil"]
[Result "1-0"]
[WhiteElo "2730"]
[BlackElo "2613"]
[PlyCount "99"]
[EventDate "2010.??.??"]

1. e4 c6 2. d4 d5 3. e5 Bf5 4. Nf3 e6 5. Be2 Ne7 6. O-O Bg6 7. Nbd2 Nf5 8. g4
Nh6 9. h3 Ng8 10. Ne1 h5 11. Ng2 hxg4 12. hxg4 Ne7 13. f4 Nd7 14. Nb3 f5 15. g5
Bf7 16. Be3 Ng6 17. a4 Qc7 18. a5 Be7 19. c4 dxc4 20. Bxc4 Nh4 21. Qe1 Nxg2 22.
Kxg2 c5 23. dxc5 Qc6+ 24. Kg3 Bxc5 25. Nxc5 Nxc5 26. Bxc5 Qxc5 27. Rc1 Qe7 28.
Qd1 Kf8 29. Qd6 Rd8 30. Qxe7+ Kxe7 31. Bb5 Rc8 32. Rfd1 Rxc1 33. Rxc1 Kd8 34.
Rd1+ Kc8 35. Bd7+ Kc7 36. Rd6 Rd8 37. Bxe6 Bg6 38. Rxd8 Kxd8 39. Kf2 b6 40. Ke3
Ke7 41. axb6 axb6 42. Bc8 Kd8 43. Ba6 Bf7 44. Kd4 Ke7 45. Bc4 Be8 46. Bd3 Ke6
47. Ba6 g6 48. Bc8+ Ke7 49. Kd5 Ba4 50. e6 1-0

[Event "BL 0910 Turm Emsdetten - OSG Baden Bade"]
[Site "?"]
[Date "2010.03.20"]
[Round "12.3"]
[White "Naiditsch, Arkadij"]
[Black "Spoelman, Wouter"]
[Result "0-1"]
[WhiteElo "2685"]
[BlackElo "2554"]
[PlyCount "114"]
[EventDate "2010.??.??"]

1. e4 c5 2. Nf3 d6 3. d4 cxd4 4. Nxd4 Nf6 5. Nc3 a6 6. h3 e5 7. Nde2 h5 8. Bg5
Be6 9. f4 Nbd7 10. f5 Bc4 11. Ng3 Rc8 12. Qf3 Be7 13. O-O-O Qc7 14. Bxc4 Qxc4
15. Bxf6 Nxf6 16. Nf1 b5 17. Ne3 Qc6 18. h4 Bd8 19. Ncd5 Nxd5 20. Rxd5 Bb6 21.
Rd2 Bxe3 22. Qxe3 Qc4 23. b3 Qc6 24. Rh3 f6 25. Qe2 O-O 26. g4 hxg4 27. Qxg4
Rf7 28. Rhd3 Rd8 29. h5 Kf8 30. Rd5 Qc3 31. Kb1 Qc6 32. Qg1 Rdd7 33. R2d3 Rd8
34. a3 a5 35. Kb2 Rc7 36. Qd1 a4 37. h6 axb3 38. cxb3 gxh6 39. Rxd6 Rxd6 40.
Rxd6 Qc3+ 41. Kb1 Qe3 42. Rxf6+ Kg7 43. Rg6+ Kh7 44. Rg4 b4 45. axb4 Qc3 46.
Rg2 Qxb4 47. Re2 Ra7 48. Rd2 Qxe4+ 49. Qc2 Qa8 50. f6+ Kh8 51. Qc5 Qh1+ 52. Kb2
Qa1+ 53. Kc2 Ra2+ 54. Kd3 Qf1+ 55. Ke4 Qf4+ 56. Kd5 Rxd2+ 57. Ke6 Qg4+ 0-1

[Event "BL 0910 Turm Emsdetten - OSG Baden Bade"]
[Site "?"]
[Date "2010.03.20"]
[Round "12.4"]
[White "Feygin, Michael"]
[Black "Vallejo Pons, Francisco"]
[Result "1/2-1/2"]
[WhiteElo "2546"]
[BlackElo "2696"]
[PlyCount "86"]
[EventDate "2010.??.??"]

1. e4 e6 2. d4 d5 3. Nc3 Nf6 4. Bg5 Bb4 5. exd5 Qxd5 6. Bxf6 Bxc3+ 7. bxc3 gxf6
8. Qf3 Qxf3 9. Nxf3 b6 10. g3 Bb7 11. Bg2 Nc6 12. Nd2 O-O-O 13. O-O-O e5 14.
dxe5 fxe5 15. Rhe1 f6 16. Ne4 Rdf8 17. Rd3 h6 18. Bh3+ f5 19. Nd2 Kb8 20. f4 e4
21. Rd7 h5 22. Rg7 h4 23. g4 fxg4 24. Bxg4 Rxf4 25. Rxe4 Rxe4 26. Nxe4 Ne5 27.
Nf6 Nxg4 28. Rxg4 Bc8 29. Rf4 h3 30. a3 Rh6 31. Nd5 Rg6 32. Rd4 Rg1+ 33. Rd1
Rg4 34. Ne7 Ba6 35. Rd8+ Kb7 36. Rh8 Bf1 37. Nf5 Bg2 38. Kb2 Rf4 39. Ne3 Rf2
40. Nxg2 hxg2 41. Rg8 Kc6 42. h4 Rf4 43. Rxg2 Rxh4 1/2-1/2

[Event "BL 0910 Turm Emsdetten - OSG Baden Bade"]
[Site "?"]
[Date "2010.03.20"]
[Round "12.5"]
[White "Nielsen, Peter-Heine"]
[Black "Janssen, Ruud"]
[Result "1-0"]
[WhiteElo "2687"]
[BlackElo "2520"]
[PlyCount "73"]
[EventDate "2010.??.??"]

1. d4 Nf6 2. c4 e6 3. g3 c5 4. Nf3 a6 5. d5 d6 6. Bg2 exd5 7. cxd5 g6 8. O-O
Bg7 9. a4 O-O 10. Nc3 Re8 11. Bf4 Ne4 12. Nxe4 Rxe4 13. Nd2 Rxf4 14. gxf4 Bxb2
15. Rb1 Bg7 16. Nc4 b5 17. axb5 axb5 18. Rxb5 Na6 19. Rb6 Bf8 20. Qa1 Nc7 21.
Qc3 Bg4 22. e4 Be2 23. Rfb1 Na6 24. e5 Bxc4 25. Qxc4 Nb4 26. Rb5 Qh4 27. e6 Bg7
28. exf7+ Kh8 29. Re1 Rf8 30. Re8 Qf6 31. Rb7 h5 32. Qe4 Kh7 33. Re6 Qf5 34.
Qxf5 gxf5 35. Bh3 Nxd5 36. Bxf5+ Kh8 37. Re8 1-0

[Event "BL 0910 Turm Emsdetten - OSG Baden Bade"]
[Site "?"]
[Date "2010.03.20"]
[Round "12.6"]
[White "Brandenburg, Daan"]
[Black "Nisipeanu, Liviu-Dieter"]
[Result "1/2-1/2"]
[WhiteElo "2480"]
[BlackElo "2664"]
[PlyCount "58"]
[EventDate "2010.??.??"]

1. e4 c6 2. d4 d5 3. e5 Bf5 4. Nf3 e6 5. Be2 Ne7 6. O-O Nc8 7. Nbd2 Be7 8. Nb3
O-O 9. Ne1 Nd7 10. Nd3 Ncb6 11. a4 Nc4 12. f4 f6 13. a5 b6 14. g4 Be4 15. Nf2
Bg6 16. axb6 Qxb6 17. exf6 Bxf6 18. Bd3 Bxd3 19. cxd3 Nd6 20. Be3 Rf7 21. Qc2
Nb5 22. Ra4 Rc8 23. Rfa1 Be7 24. Ra6 Qb7 25. Nc5 Bxc5 26. dxc5 Qc7 27. R6a4
Rcf8 28. Nh3 h6 29. d4 Qd8 1/2-1/2

[Event "BL 0910 Turm Emsdetten - OSG Baden Bade"]
[Site "?"]
[Date "2010.03.20"]
[Round "12.7"]
[White "Gustafsson, Jan"]
[Black "Pruijssers, Roeland"]
[Result "1-0"]
[WhiteElo "2622"]
[BlackElo "2415"]
[PlyCount "81"]
[EventDate "2010.??.??"]

1. d4 Nf6 2. Nf3 g6 3. Nbd2 Bg7 4. e4 d6 5. Bd3 O-O 6. O-O c6 7. Re1 Qc7 8. h3
e5 9. c3 Nbd7 10. a4 b6 11. Qc2 a6 12. dxe5 dxe5 13. b4 c5 14. Nc4 Bb7 15. Bg5
h6 16. Bh4 cxb4 17. cxb4 Rfc8 18. Qa2 Nh5 19. Rac1 Qb8 20. Rcd1 Bc6 21. Be7 Re8
22. Bd6 Qd8 23. Bf1 Qf6 24. Bc7 Bf8 25. Qb3 Qe6 26. b5 axb5 27. axb5 Bb7 28.
Qe3 Rac8 29. Bxb6 Bb4 30. Rxd7 Qxd7 31. Rb1 Bf8 32. Ncxe5 Qe6 33. Bd4 Nf6 34.
Nd2 Qa2 35. Ra1 Qc2 36. Bd3 Qc7 37. b6 Qd6 38. Ndc4 Qe6 39. Na5 Re7 40. Nxb7
Rxb7 41. Ba6 1-0

[Event "BL 0910 Turm Emsdetten - OSG Baden Bade"]
[Site "?"]
[Date "2010.03.20"]
[Round "12.8"]
[White "Richter, Christian"]
[Black "Schlosser, Philipp"]
[Result "0-1"]
[WhiteElo "2412"]
[BlackElo "2555"]
[PlyCount "108"]
[EventDate "2010.??.??"]

1. d4 Nf6 2. c4 g6 3. Nf3 Bg7 4. g3 d5 5. Bg2 dxc4 6. Na3 c5 7. Qa4+ Nc6 8. Ne5
O-O 9. Nxc6 bxc6 10. Nxc4 cxd4 11. O-O Nd5 12. Bd2 Be6 13. Rac1 Nb6 14. Nxb6
axb6 15. Qxc6 Rxa2 16. Qb5 d3 17. Qxd3 Rxb2 18. Be3 b5 19. Bc5 Bf6 20. Rb1 Qc7
21. Rxb2 Bxb2 22. Bb4 Bc4 23. Qc2 Bf6 24. Bd5 Rc8 25. Bxc4 Qxc4 26. Qxc4 bxc4
27. Rc1 c3 28. Rc2 Rb8 29. Bxc3 Rc8 30. Bxf6 Rxc2 31. Bxe7 Rxe2 32. Bf6 Re6 33.
Bd4 g5 34. h3 h5 35. Be3 f6 36. Kg2 Kf7 37. Kf3 Kg6 38. Bd4 f5 39. Bc5 Re4 40.
Bb6 Rb4 41. Be3 Kf6 42. Bd2 Rc4 43. Be3 h4 44. gxh4 Rxh4 45. Kg2 Kg6 46. Bd2
Kh5 47. Bc1 Rc4 48. Bd2 Rc2 49. Bb4 g4 50. hxg4+ Kxg4 51. Ba5 f4 52. Bb6 f3+
53. Kh2 Rc6 54. Be3 Kf5 0-1

[Event "BL 0910 SV Wattenscheid - H.Handschuhsh"]
[Site "?"]
[Date "2010.03.20"]
[Round "12.1"]
[White "Ikonnikov, Viacheslav"]
[Black "Najer, Evgeniy"]
[Result "1/2-1/2"]
[WhiteElo "2558"]
[BlackElo "2681"]
[PlyCount "110"]
[EventDate "2010.??.??"]

1. d4 d5 2. Nf3 Nf6 3. c4 c6 4. Nc3 dxc4 5. a4 Bf5 6. e3 e6 7. Bxc4 Nbd7 8. O-O
Bb4 9. Qe2 Bg4 10. h3 Bh5 11. Rd1 O-O 12. e4 Qe7 13. Na2 Ba5 14. Bg5 e5 15. d5
cxd5 16. Bxd5 h6 17. Bh4 g5 18. Bg3 Nxd5 19. Rxd5 Bc7 20. Nc3 Nf6 21. Rb5 b6
22. Qe3 Bxf3 23. Qxf3 Rad8 24. Qf5 Rfe8 25. Rc1 Qe6 26. Qxe6 fxe6 27. a5 bxa5
28. Bxe5 Bxe5 29. Rxe5 Rd2 30. Rxa5 Rxb2 31. e5 Nh5 32. Rxa7 Rc8 33. Rd1 Rc2
34. Ne4 Rc1 35. Rxc1 Rxc1+ 36. Kh2 Re1 37. Nf6+ Nxf6 38. exf6 Re5 39. Rg7+ Kh8
40. Rg6 Kh7 41. Rg7+ Kh8 42. g4 Re4 43. Re7 Rf4 44. Rxe6 Rxf2+ 45. Kg3 Rf1 46.
h4 gxh4+ 47. Kxh4 Kh7 48. f7 Kg7 49. f8=Q+ Rxf8 50. Kh5 Ra8 51. Rg6+ Kh7 52.
Rxh6+ Kg7 53. Rg6+ Kh7 54. Rd6 Ra5+ 55. g5 Ra7 1/2-1/2

[Event "BL 0910 SV Wattenscheid - H.Handschuhsh"]
[Site "?"]
[Date "2010.03.20"]
[Round "12.2"]
[White "Bartel, Mateusz"]
[Black "Ginsburg, Gennadi"]
[Result "1-0"]
[WhiteElo "2609"]
[BlackElo "2537"]
[PlyCount "77"]
[EventDate "2010.??.??"]

1. g3 Nf6 2. Bg2 g6 3. e4 d6 4. d4 Bg7 5. Ne2 O-O 6. Nbc3 e5 7. h3 Nbd7 8. O-O
b6 9. Bg5 h6 10. Be3 Bb7 11. Qd2 Kh7 12. d5 Nh5 13. g4 Nhf6 14. g5 Ng8 15. h4
Ba6 16. a4 h5 17. a5 Ne7 18. Ra3 f5 19. axb6 axb6 20. Rfa1 Bb7 21. Rxa8 Bxa8
22. f3 Bb7 23. Nb5 Qb8 24. c4 Rd8 25. b4 Bf8 26. Bh3 f4 27. Bf2 Nc8 28. Nec3
Ne7 29. Kg2 Bg7 30. Na7 Bf8 31. Qa2 Bg7 32. Qa4 Nf8 33. Nc6 Nxc6 34. dxc6 Bc8
35. Bxc8 Qxc8 36. Nd5 Ne6 37. Qa6 Bf8 38. Qxc8 Rxc8 39. Ra7 1-0

[Event "BL 0910 SV Wattenscheid - H.Handschuhsh"]
[Site "?"]
[Date "2010.03.20"]
[Round "12.3"]
[White "Gurevic, Vladimir"]
[Black "Czarnota, Pawel"]
[Result "1/2-1/2"]
[WhiteElo "2470"]
[BlackElo "2537"]
[PlyCount "45"]
[EventDate "2010.??.??"]

1. e4 c5 2. Nf3 d6 3. d4 cxd4 4. Nxd4 Nf6 5. Nc3 Nc6 6. Bc4 e6 7. Be3 Be7 8.
O-O O-O 9. Kh1 a6 10. a4 d5 11. exd5 exd5 12. Bb3 Re8 13. f3 Na5 14. Qd3 Nxb3
15. Nxb3 Be6 16. Rad1 Rc8 17. Nd4 Nd7 18. Nxe6 fxe6 19. Nxd5 exd5 20. Qxd5+ Kh8
21. Qxd7 Qxd7 22. Rxd7 Bf6 23. Bd4 1/2-1/2

[Event "BL 0910 SV Wattenscheid - H.Handschuhsh"]
[Site "?"]
[Date "2010.03.20"]
[Round "12.5"]
[White "Gerigk, Erasmus"]
[Black "Appel, Ralf"]
[Result "0-1"]
[WhiteElo "2335"]
[BlackElo "2551"]
[PlyCount "62"]
[EventDate "2010.??.??"]

1. e4 g6 2. d4 Bg7 3. Nc3 c6 4. Bc4 d6 5. Qf3 e6 6. Nge2 Nd7 7. a4 Qe7 8. Qg3
e5 9. dxe5 Nxe5 10. Ba2 Nf6 11. O-O O-O 12. Re1 Nh5 13. Qg5 Qc7 14. Qd2 Be6 15.
Nd4 Bxa2 16. Rxa2 Rfe8 17. Qd1 Qe7 18. Ra1 Qf6 19. Nde2 Qh4 20. Rf1 Rad8 21. f3
d5 22. exd5 cxd5 23. a5 Nc4 24. Ra4 Qe7 25. Re1 Qc5+ 26. Kh1 Re5 27. Ne4 Qe7
28. N4c3 Ng3+ 29. hxg3 Rh5+ 30. Kg1 Qc5+ 31. Nd4 Bxd4+ 0-1

[Event "BL 0910 SV Wattenscheid - H.Handschuhsh"]
[Site "?"]
[Date "2010.03.20"]
[Round "12.6"]
[White "Handke, Florian"]
[Black "Schwalfenberg, Joerg"]
[Result "0-1"]
[WhiteElo "2513"]
[BlackElo "2317"]
[PlyCount "90"]
[EventDate "2010.??.??"]

1. e4 c6 2. d4 d5 3. f3 e6 4. Nc3 Qb6 5. a3 Nf6 6. e5 Nfd7 7. Nce2 c5 8. c3 Nc6
9. f4 cxd4 10. cxd4 g6 11. Nf3 Bg7 12. h4 h5 13. Ng5 Ne7 14. Ng3 Nb8 15. Be2
Nbc6 16. Nf3 a5 17. O-O Bd7 18. Kh1 a4 19. Bd2 Bf8 20. Rc1 Ng8 21. Bd3 Nh6 22.
Qc2 Nf5 23. Nxf5 exf5 24. Rb1 Na5 25. e6 fxe6 26. Ne5 Nc6 27. b3 Nxe5 28. dxe5
Rc8 29. Qd1 Qd4 30. Qe2 Bc5 31. Bb5 Bc6 32. bxa4 O-O 33. Bb4 Rf7 34. Bxc6 Rxc6
35. Qb5 Ba7 36. Bd6 Kg7 37. Rb4 Qe3 38. Rb3 Rc3 39. Rxc3 Qxc3 40. Kh2 Be3 41.
Qe8 Qc4 42. Qb5 Bxf4+ 43. g3 Qc2+ 44. Kh3 Be3 45. Rf3 Bg1 0-1

[Event "BL 0910 SV Wattenscheid - H.Handschuhsh"]
[Site "?"]
[Date "2010.03.20"]
[Round "12.7"]
[White "Maier, Christian"]
[Black "Souleidis, Georgios"]
[Result "0-1"]
[WhiteElo "2350"]
[BlackElo "2429"]
[PlyCount "60"]
[EventDate "2010.??.??"]

1. e4 e5 2. Nf3 Nc6 3. Bb5 f5 4. Nc3 fxe4 5. Nxe4 d5 6. Nxe5 dxe4 7. Nxc6 Qg5
8. Nd4+ c6 9. Bf1 Qe5 10. c3 Nf6 11. Be2 Bd6 12. d3 O-O 13. dxe4 Nxe4 14. Be3
Kh8 15. Qc2 c5 16. Nf3 Qe7 17. Bd3 Bf5 18. c4 Bg6 19. O-O-O b5 20. Rhe1 bxc4
21. Qxc4 Rab8 22. Bg5 Qb7 23. b3 Nxg5 24. Ne5 Bxe5 25. Rxe5 Bxd3 26. Rxd3 Qxg2
27. f4 Qf1+ 28. Kb2 Rxf4 29. Qc3 Rf2+ 30. Ka3 Qg2 0-1

[Event "BL 0910 SV Wattenscheid - H.Handschuhsh"]
[Site "?"]
[Date "2010.03.20"]
[Round "12.8"]
[White "Straeter, Timo"]
[Black "Vatter, Hans-Joachim"]
[Result "0-1"]
[WhiteElo "2347"]
[BlackElo "2321"]
[PlyCount "128"]
[EventDate "2010.??.??"]

1. Nf3 d5 2. d4 Nf6 3. c4 dxc4 4. Nc3 a6 5. e4 b5 6. e5 Nd5 7. a4 Bf5 8. Nh4
Nxc3 9. bxc3 Bd7 10. axb5 e6 11. Nf3 Bxb5 12. Ng5 Nc6 13. Qh5 Qd7 14. Be2 h6
15. O-O g6 16. Qh3 Ne7 17. Nxf7 Kxf7 18. Qf3+ Kg7 19. Qxa8 Nc6 20. Qb7 Bb4 21.
Rb1 Bxc3 22. Rxb5 axb5 23. Qxb5 Rd8 24. Bxc4 Bxd4 25. Qb3 Nxe5 26. Bxe6 Qd6 27.
Qh3 h5 28. Bf4 Rf8 29. Bg3 Qb6 30. Qh4 Qc5 31. Qe4 Rf6 32. Bc8 Nc4 33. Rc1
Bxf2+ 34. Kh1 Bxg3 35. hxg3 Nd2 36. Rxc5 Nxe4 37. Rxc7+ Kh6 38. Bb7 Nxg3+ 39.
Kh2 h4 40. Kh3 Rf4 41. Bf3 Nf5 42. Rd7 Kg5 43. Rb7 Nd4 44. Bd5 Ne2 45. Rb2 Rf1
46. g3 Nxg3 47. Rb4 Nf5 48. Rb6 Rd1 49. Bf7 Rd3+ 50. Kh2 Rd6 51. Rb4 Rd2+ 52.
Kh3 Rd3+ 53. Kh2 Nd4 54. Rb6 Nf3+ 55. Kg2 h3+ 56. Kf2 Ne5 57. Be6 Rc3 58. Rb5
Kf6 59. Rb6 Kg7 60. Rb3 Ng4+ 61. Ke1 h2 62. Rb7+ Kh6 63. Bd5 Rc1+ 64. Ke2 h1=Q
0-1

[Event "BL 0910 SF Katernberg - Hamburger SK"]
[Site "?"]
[Date "2010.03.20"]
[Round "12.1"]
[White "Kempinski, Robert"]
[Black "Volokitin, Andrei"]
[Result "1-0"]
[WhiteElo "2616"]
[BlackElo "2681"]
[PlyCount "81"]
[EventDate "2010.??.??"]

1. d4 f5 2. c4 Nf6 3. Nf3 g6 4. e3 Bg7 5. b4 d6 6. Bb2 O-O 7. Be2 Kh8 8. O-O
Be6 9. Nc3 Bg8 10. Qc2 c6 11. a4 Nbd7 12. Rfd1 Qc7 13. b5 e5 14. a5 e4 15. Nd2
c5 16. Nb3 b6 17. dxc5 dxc5 18. Na4 Rae8 19. Rd2 f4 20. Rad1 fxe3 21. fxe3 Ne5
22. axb6 axb6 23. Rd6 Nd3 24. Rxb6 Nxb2 25. Rc6 Qxc6 26. bxc6 Nxa4 27. Na5 Nb6
28. Qb3 Nc8 29. Qa3 Re5 30. Nb7 Ne7 31. c7 Rc8 32. Qa5 Ne8 33. Nd6 Nxd6 34.
Rxd6 h5 35. Rd7 Re6 36. Qxc5 Nc6 37. Qg5 Rf6 38. Qb5 Bh6 39. Qc5 Bf8 40. Qb6
Bd6 41. Qb7 1-0

[Event "BL 0910 SF Katernberg - Hamburger SK"]
[Site "?"]
[Date "2010.03.20"]
[Round "12.2"]
[White "Chuchelov, Vladimir"]
[Black "Ghaem Maghami, Ehsan"]
[Result "1/2-1/2"]
[WhiteElo "2598"]
[BlackElo "2579"]
[PlyCount "44"]
[EventDate "2010.??.??"]

1. Nf3 Nf6 2. c4 e6 3. g3 d5 4. b3 Be7 5. Bg2 c5 6. O-O Nc6 7. e3 O-O 8. Bb2 b6
9. Nc3 Ba6 10. d3 Qd7 11. Qe2 Rad8 12. Rfd1 Rfe8 13. a3 d4 14. exd4 Nxd4 15.
Nxd4 cxd4 16. Ne4 Bb7 17. Nxf6+ Bxf6 18. Re1 Bxg2 19. Kxg2 b5 20. Qf3 bxc4 21.
bxc4 Rb8 22. Bc1 Qa4 1/2-1/2

[Event "BL 0910 SF Katernberg - Hamburger SK"]
[Site "?"]
[Date "2010.03.20"]
[Round "12.5"]
[White "Hansen, Sune Berg"]
[Black "Glek, Igor V"]
[Result "1/2-1/2"]
[WhiteElo "2552"]
[BlackElo "2537"]
[PlyCount "128"]
[EventDate "2010.??.??"]

1. e4 e6 2. d4 d5 3. Nd2 c5 4. exd5 Qxd5 5. dxc5 Bxc5 6. Ngf3 Nf6 7. Bc4 Qd6 8.
Qe2 Nc6 9. O-O Qc7 10. b3 Bd7 11. Bb2 Qf4 12. Rad1 O-O-O 13. a3 Bd6 14. Rfe1
Bc7 15. Ne4 Qxe4 16. Qxe4 Nxe4 17. Rxe4 Na5 18. Bd3 f6 19. b4 Nc6 20. Rh4 h5
21. Re4 e5 22. Ree1 h4 23. h3 Be6 24. c4 g5 25. Bf1 Rxd1 26. Rxd1 g4 27. hxg4
Bxg4 28. Rd2 h3 29. Nh2 hxg2 30. Nxg4 gxf1=Q+ 31. Kxf1 f5 32. Nf6 Rh3 33. Nd5
Bd8 34. b5 Na5 35. Bxe5 Rxa3 36. Rc2 Kd7 37. Ke2 Ke6 38. Bb2 Rb3 39. Nf4+ Kf7
40. Bd4 a6 41. bxa6 bxa6 42. Nd3 Nc6 43. Ne5+ Nxe5 44. Bxe5 Ke6 45. Bd4 a5 46.
Ra2 f4 47. f3 Bc7 48. Bf2 Ke5 49. Ra1 Kd6 50. Be1 Re3+ 51. Kf2 Bb6 52. Kg2 Re5
53. Kh3 Rg5 54. Ra4 Kc6 55. Bd2 Rg3+ 56. Kh4 Rxf3 57. Kg4 Rf2 58. Bxf4 Rb2 59.
Kf3 Rb4 60. Rxb4 axb4 61. Ke2 Bd4 62. Kd1 Kc5 63. Kc2 Kxc4 64. Kb1 b3 1/2-1/2

[Event "BL 0910 SF Katernberg - Hamburger SK"]
[Site "?"]
[Date "2010.03.20"]
[Round "12.6"]
[White "Zaragatski, Ilja"]
[Black "Ftacnik, Lubomir Dr"]
[Result "1/2-1/2"]
[WhiteElo "2475"]
[BlackElo "2532"]
[PlyCount "58"]
[EventDate "2010.??.??"]

1. Nf3 Nf6 2. g3 g6 3. Bg2 Bg7 4. O-O d5 5. c4 O-O 6. d4 dxc4 7. Na3 Nc6 8.
Nxc4 Be6 9. b3 a5 10. a4 Qc8 11. Re1 Rd8 12. e3 Bg4 13. Qe2 Qf5 14. Bb2 Ne4 15.
Nh4 Bxe2 16. Nxf5 Bxc4 17. Bxe4 gxf5 18. Bxc6 bxc6 19. bxc4 c5 20. Ba3 cxd4 21.
Bxe7 Rd7 22. exd4 Rxd4 23. Rac1 Rd2 24. Rcd1 Rc2 25. Rd8+ Rxd8 26. Bxd8 Bd4 27.
Re8+ Kg7 28. Bxc7 Rxc4 29. Bxa5 Rxa4 1/2-1/2

[Event "BL 0910 SF Katernberg - Hamburger SK"]
[Site "?"]
[Date "2010.03.20"]
[Round "12.7"]
[White "Heinemann, Thies"]
[Black "Siebrecht, Sebastian"]
[Result "1-0"]
[WhiteElo "2484"]
[BlackElo "2456"]
[PlyCount "71"]
[EventDate "2010.??.??"]

1. e4 c5 2. Nf3 e6 3. d4 cxd4 4. Nxd4 a6 5. Bd3 Bc5 6. Nb3 Be7 7. c4 Nc6 8. Nc3
Nf6 9. Bf4 d6 10. Rc1 O-O 11. O-O b6 12. Qe2 Nd7 13. Bb1 Bb7 14. Rfd1 Qb8 15.
Na4 e5 16. Be3 Bd8 17. Nc3 Ne7 18. Nd2 Bc6 19. b4 Nf6 20. Nf1 h6 21. Ng3 Bd7
22. h3 Re8 23. Qd2 Be6 24. Nd5 Nexd5 25. exd5 Bc8 26. Bxh6 gxh6 27. Qxh6 e4 28.
Rc3 Ra7 29. Nxe4 Nxe4 30. Rg3+ Nxg3 31. Bh7+ Kh8 32. Bf5+ Kg8 33. Qh7+ Kf8 34.
Qh8+ Ke7 35. Re1+ Be6 36. Rxe6+ 1-0

[Event "BL 0910 SF Katernberg - Hamburger SK"]
[Site "?"]
[Date "2010.03.20"]
[Round "12.8"]
[White "Scholz, Christian"]
[Black "Huschenbeth, Niclas"]
[Result "0-1"]
[WhiteElo "2373"]
[BlackElo "2411"]
[PlyCount "118"]
[EventDate "2010.??.??"]

1. d4 d5 2. c4 dxc4 3. Nf3 Nf6 4. e3 e6 5. Bxc4 c5 6. O-O a6 7. dxc5 Bxc5 8.
Qxd8+ Kxd8 9. Ne5 Ke7 10. Be2 Nbd7 11. Nc4 Rd8 12. Nbd2 Kf8 13. Nb3 Be7 14. Bd2
b6 15. Bf3 Ra7 16. Rfd1 Bb7 17. Bc3 Bxf3 18. gxf3 Rc7 19. Rac1 Nd5 20. Bd4 Rdc8
21. Ne5 Nxe5 22. Bxe5 Rxc1 23. Rxc1 Rxc1+ 24. Nxc1 f6 25. Bg3 e5 26. e4 Nb4 27.
f4 Bd6 28. fxe5 Bxe5 29. Bxe5 fxe5 30. a3 Nc6 31. Nd3 Ke7 32. Kg2 Kd6 33. Kg3
Nd4 34. Kg4 a5 35. h4 a4 36. f4 exf4 37. Kxf4 g6 38. Ke3 Ne6 39. Nb4 b5 40. Nd3
h6 41. Kf3 Nc5 42. Nb4 Nd7 43. Nd5 Ne5+ 44. Ke3 Kc5 45. Nc3 Nc4+ 46. Kf4 Nxb2
47. e5 Nd3+ 48. Ke4 Kc4 49. Ne2 Nc5+ 50. Ke3 b4 51. axb4 a3 52. Nc1 Kxb4 53.
Kd4 Nb3+ 54. Kd5 Nxc1 55. e6 a2 56. e7 a1=Q 57. e8=Q Qa5+ 58. Ke6 Qf5+ 59. Kd6
Qc5+ 0-1